| 000 | 00570nam a2200205Ia 4500 | ||
|---|---|---|---|
| 003 | IIN | ||
| 005 | 20240118152323.0 | ||
| 008 | 231217s9999 xx 000 0 und d | ||
| 020 |
_cRs.1995.00 _a9780323597128 |
||
| 040 |
_aIIN _bEng |
||
| 082 |
_a612 _bHAL |
||
| 100 | 1 | _aHall, Jhon E. | |
| 245 | 1 |
_aGuyton and Hall Textbook of Medical Physiology _cJhon E. Hall and Michael E. Hall |
|
| 250 | _a3rd S.A. ed | ||
| 260 |
_bElsevier _aNew Delhi _c2020 |
||
| 300 | _axxxi, 1011 p. | ||
| 650 | 1 |
_aPhysiology _v Medical |
|
| 700 | 1 | _aHall, Michael E. | |
| 942 | _cBOOK | ||
| 999 |
_c427 _d427 |
||